| 000 | 00523nam a2200181Ia 4500 | ||
|---|---|---|---|
| 005 | 20250326124917.0 | ||
| 008 | 250326s9999 xx 000 0 und d | ||
| 037 | _aTextbook | ||
| 040 |
_aFMSL _beng _cFMSL |
||
| 041 |
_aeng _2eng |
||
| 084 |
_aX:8F L53 _qFMSL |
||
| 100 |
_aSeidler L _9738203 |
||
| 245 | 0 |
_aSocial accounting: theory, issues, and cases _cSeidler L; Seidler L L |
|
| 260 |
_aCalifornia _bCalifornia, Melville _c1975 |
||
| 300 | _a547p | ||
| 942 |
_cTB _hX:8F L53 |
||
| 999 |
_c1275739 _d1275739 |
||